| 000 | 00563nam a22002057a 4500 | ||
|---|---|---|---|
| 005 | 20221107162457.0 | ||
| 008 | 221107b ||||| |||| 00| 0 eng d | ||
| 040 | _cAL | ||
| 041 | _aEnglish | ||
| 082 |
_223 _a572.05 _bLOHM |
||
| 100 |
_aRammanohar Lohia _961293 |
||
| 245 | _aMankind: Querterly | ||
| 260 |
_aHyderabad _bG Murahari _c1959 |
||
| 300 |
_a105 p. _bHB _c23x15.5 cm. |
||
| 440 |
_aVol 4 No1 August 1959 _961279 |
||
| 650 |
_aJournal _961280 |
||
| 650 |
_aArticles on Maharashtra _961281 |
||
| 700 |
_aLOHIA (Rammanohar) _961282 |
||
| 942 |
_2ddc _cGF |
||
| 999 |
_c225051 _d225051 |
||